000
00247nam a22001097a 4500
082
_a
954.025 AKB'P
100
_a
AKBAR, MUHAMMAD
_9
46533
245
_a
THE PUNJAB UNDER THE MUGHALS
260
_a
LAHORE
_b
RIPON
_c
1948
300
_a
325P
942
_c
BK
999
_c
567995
_d
567995